00786nam a2200217 a 4500999001500000001000600015003000900021005001700030008004100047040003800088082002400126245007500150260007200225300002200297505001100319546002500330650002100355710005400376942001200430952012600442 c1408d140810991BD-DhUAP20210120152627.0200206s2007 bg l f001 0 eng d aBD-DhUAPcBD-DhUAPdBD-DhUAPbEng00a348.5492022 BAN22314aThe Bangladesh code :bact No. I of 1937 to ordinance No. VII of 1941. aDhaka :bMinistry of Law, Justice and Parliamentary Affairs,c2007. avolumes ;c24 cm. aV. 9-- aEnglish and Bengali. 0aLawzBangladesh. aGovernment of the peoples republic of Bangladesh. 2ddccBK 00102ddc4070aUAPCLbUAPCLcGeneral Stacksd2020-02-06o348.5492022 BAN V-9p3010010991r2020-02-06t1w2020-02-06yBK